|
|
|
|
| LEADER |
01115nam a2200313 4500 |
| 001 |
42052 |
| 003 |
BD-DhAAL |
| 008 |
240110t1970 pau b 001 0 eng d |
| 010 |
|
|
|a 76132906
|
| 020 |
|
|
|a 0700222847
|
| 040 |
|
|
|a DLC
|c DLC
|d DLC
|d BD-DhAAL
|
| 050 |
0 |
0 |
|a LB3013.6
|b .C65
|
| 082 |
0 |
0 |
|a 370.15
|2 23
|
| 245 |
0 |
0 |
|a Contemporary school psychology /
|c William G. Herron ... [et al.].
|
| 264 |
|
|
|a Scranton :
|b Intext Educational Publishers,
|c c1970.
|
| 300 |
|
|
|a x, 270 pages ;
|c 24 cm.
|
| 350 |
|
|
|a $6.95
|
| 504 |
|
|
|a Includes bibliographical references.
|
| 526 |
|
|
|a BIED
|
| 541 |
|
|
|a Complimentary copy from BIED
|e 42052
|
| 650 |
|
0 |
|a School psychologists.
|9 55907
|
| 650 |
|
0 |
|a School psychology.
|
| 650 |
|
0 |
|a Educational psychology.
|
| 650 |
|
0 |
|a Psychology.
|
| 700 |
1 |
|
|a Herron, William G.
|9 55908
|
| 852 |
|
|
|a Ayesha Abed Library
|c General Stacks
|
| 942 |
|
|
|2 ddc
|c BK
|
| 999 |
|
|
|c 46285
|d 46285
|
| 952 |
|
|
|0 0
|1 0
|2 ddc
|4 0
|6 370_150000000000000_CON
|7 0
|9 74927
|a BRACUL
|b BRACUL
|c GEN
|d 2024-01-10
|e Complimentary copy from BIED
|l 1
|m 1
|o 370.15 CON
|p 3010042052
|r 2024-12-03
|s 2024-11-21
|t 1
|w 2024-01-10
|y BK
|x BIED-00335
|